000 00938nam0a22002531 4500
001 rc\984077
005 20260408182703.0
035 _a(NLR Aleph) 006251512
090 _a6756894
_c6756894
100 _a20041129d1981 u y0rusy50 ca
101 0 _arus
102 _aRU
105 _ay |||||||||
200 1 _aСалтыков и Щедрин
_eПьеса в 2 д.
_fДаниил Аль
_gОтв. ред. А. Ушаков
210 _aМ.
_cВААП-Информ
_d1981
215 _a91 л.
_d28
600 1 _aСалтыков-Щедрин
_bМ. Е.
_gМихаил Евграфович
_f1826 - 1889
_xв художественной литературе
_3RU\NLR\AUTH\66988039
_91571111
700 1 _8rus
_7ca
_aАльшиц
_bД. Н.
_f1919-2012
_gДаниил Натанович
_3RU\NLR\AUTH\778665
_9118561
801 0 _aRU
_bNLR
_gpsbo
801 1 _aRU
_bELAR
_2rusmarc
852 _aNLR
_j82-8/467
942 _cBOOK
980 _aNB